Chasing Cars by Snow Patrol Lyrics Quiz - Statistics

General Stats
  • This quiz has been taken 66 times
  • The average score is 28 of 33
Answer Stats
Answer % Correct
If I lay here, If I {just} lay here
100%
And just forget the {world}?
98%
{Chasing} cars
97%
On our {own}
97%
Let's waste {time}
95%
Would you {lay} with me
95%
They're all I can {see}
93%
We don't {need}
93%
{Before} we get too old
91%
We'll do it {all}
91%
{Anything}
90%
All that I {am}
88%
Are {said} too much
88%
Bursting into {life}
88%
Or {anyone}
88%
Those {three} words
88%
All that I ever {was}
86%
{Around} our head
86%
They're not {enough}
86%
Show me a {garden} that's
84%
{Forget} what we're told
83%
How I {feel}
83%
{Everything}
79%
Is here in your {perfect} eyes
79%
How to {say}
78%
I don't know {where}
72%
I don't {quite} know
71%
Will never {change} for us at all
71%
{Confused} about how as well
66%
Just know that these {things}
66%
To {find} my own
64%
I need your {grace}
62%
To {remind} me
57%
No matching quizzes found
Score Distribution
Percent of People with Each Score
Percentile by Number Answered
Your Score History
You have not taken this quiz